LIBRARY & INFORMATION CENTRE, KCAET, TAVANUR

ONLINE PUBLIC ACCESS CATALOGUE (OPAC)

Revaluation: Tradition and development in English poetry / (Record no. 3930)

MARC details
000 -LEADER
fixed length control field 00412cam a2200157ua 4500
041 ## - LANGUAGE CODE
Language code of text/sound track or separate title eng
082 ## - DEWEY DECIMAL CLASSIFICATION NUMBER
Classification number 828.09
Item number LEA/RE
100 ## - MAIN ENTRY--AUTHOR NAME
Personal name Leavis, F R.
245 ## - TITLE STATEMENT
Title Revaluation: Tradition and development in English poetry /
260 ## - PUBLICATION, DISTRIBUTION, ETC. (IMPRINT)
Place of publication London :
Name of publisher Chatto and Windus ,
Year of publication 1962.
300 ## - PHYSICAL DESCRIPTION
Number of Pages 274 ; .
942 ## - ADDED ENTRY ELEMENTS (KOHA)
Koha item type Books
Holdings
Withdrawn status Lost status Damaged status Home library Current library Date acquired Full call number Accession Number Koha item type Public note
Withdrawn     KAUAET Sanskrit University 07/04/2012 828.09 11853 Books  
Withdrawn     KAUAET Sanskrit University 07/04/2012 828.09 7121 Books Transferred to Sanskrit University
free website counter